A coisa (Record no. 17402)

MARC details
000 -LÍDER
campo de controle de tamanho fixo 00553 a2200205 4500
001 - NÚMERO DE CONTROLE
campo de controle 17402
020 ## - ISBN - INTERNATIONAL STANDARD BOOK NUMBER
ISBN - International Standard Book Number 9788516065690
041 ## - CÓDIGO DE IDIOMA
Código do idioma do texto/trilha sonora ou título diferente por
090 ## - NÚMERO DE CHAMADA LOCAL
Número de chamada (OCLC) (R); Número de chamada, CALL (RLIN) (NR) Year 1 028
040 ## - FONTE DA CATALOGAÇÃO
Instituição da catalogação original BR-BrIDEA
Instituição que transcreveu o registro BR-BrIDEA
100 ## - ENTRADA PRINCIPAL--NOME PESSOAL
Nome pessoal Rocha, Ruth.
250 ## - EDIÇÃO
Edição . ed.
245 10 - TÍTULO
Título A coisa
Indicação de responsabilidade, etc. Ruth Rocha
260 ## - PUBLICAÇÃO, DISTRIBUIÇÃO, ETC.
Local de publicação, distribuição, etc. [S.l.]
Nome do editor, distribuidor, etc. Moderna
Data da publicação, distribuição, etc. 2010
490 ## - TÍTULO DA SÉRIE
Título da série Série toda criança do mundo. As aventuras de Alvinho
697 ## - ENTRADA DE ASSUNTO LOCAL--ENTIDADE COLETIVA (RLIN)
Nome corporativo ou nome da jurisdição Literatura infanto-juvenil
830 ## - ENTRADA SECUNDÁRIA DE SÉRIE--TÍTULO UNIFORME
Título uniforme Série toda criança do mundo. As aventuras de Alvinho
856 ## - LOCALIZAÇÃO ELETRÔNICA E ACESSO
Uniform Resource Identifier <a href="000012/000012fe.jpg">000012/000012fe.jpg</a>
942 ## - ELEMENTOS DE ENTRADA ADICIONADOS (KOHA)
Tipo de material Koha Livros
Holdings
Situação do descarte Situação das perdas Situação física Não pode ser emprestado Biblioteca de origem Biblioteca atual Data de aquisição Total de empréstimos Número de chamada completo Código de barras Data de último acesso Data do preço efetivo Tipo de material Koha Fonte da classificação ou esquema de arquivamento na estante
        Colégio Anchieta - Bela Vista Colégio Anchieta - Bela Vista 21/11/2023   028.5 R672c ROC COI 3167/BEL 21/11/2023 21/11/2023 Livros  
        Colégio São Paulo Colégio São Paulo 21/11/2023   028.5 ROC COI 421/ITA 21/11/2023 21/11/2023 Livros  
        ECB - SUDOESTE ECB - SUDOESTE 04/04/2014   Year 2 028 00008440SSW 23/01/2024 23/01/2024 Livros Classificação Decimal de Dewey
        ECB - SUDOESTE ECB - SUDOESTE 31/03/2014   Year 1 028 00008261SSW 23/01/2024 23/01/2024 Livros Classificação Decimal de Dewey
        ECB - SUDOESTE ECB - SUDOESTE 04/04/2014   Year 2 028 00008439SSW 23/01/2024 23/01/2024 Livros Classificação Decimal de Dewey